Сборник задач по теории вероятностей, математической статистике и методам оптимизации: учебное пособие

Bibliographische Detailangaben
1. Verfasser: Бычков А. Г. Александр Григорьевич
Zusammenfassung:В учебное пособие включены задачи по теории вероятностей, математической статистике, линейному и нелинейному программированию. Каждая глава содержит теоретические сведения и подробные решения типовых примеров и задач. Пособие может быть полезно студентам экономических специальностей колледжей, а также студентам вузов.
Sprache:Russisch
Veröffentlicht: Москва, Форум, 2008
Schriftenreihe:Профессиональное образование
Schlagworte:
Format: MixedMaterials Buch
KOHA link:https://koha.lib.tpu.ru/cgi-bin/koha/opac-detail.pl?biblionumber=193757

MARC

LEADER 00000nam0a2200000 4500
001 193757
005 20231101224519.0
010 |a 9785911341978 
035 |a (RuTPU)RU\TPU\book\211305 
090 |a 193757 
100 |a 20110328d2008 m y0rusy50 ca 
101 0 |a rus 
102 |a RU 
105 |a a j 001zy 
200 1 |a Сборник задач по теории вероятностей, математической статистике и методам оптимизации  |e учебное пособие  |f А. Г. Бычков 
210 |a Москва  |c Форум  |d 2008 
215 |a 223 с.  |c ил. 
225 1 |a Профессиональное образование 
320 |a Библиогр.: с. 219. 
330 |a В учебное пособие включены задачи по теории вероятностей, математической статистике, линейному и нелинейному программированию. Каждая глава содержит теоретические сведения и подробные решения типовых примеров и задач. Пособие может быть полезно студентам экономических специальностей колледжей, а также студентам вузов. 
606 1 |a Вероятностей теория и математическая статистика  |2 stltpush  |3 (RuTPU)RU\TPU\subj\2260  |9 30847 
606 1 |a Оптимизации методы  |x (математика)  |2 stltpush  |3 (RuTPU)RU\TPU\subj\53318  |9 71633 
610 1 |a задачи 
610 1 |a комбинаторика 
610 1 |a события 
610 1 |a случайные величины 
610 1 |a математические ожидания 
610 1 |a дисперсия 
610 1 |a статистические данные 
610 1 |a обработка 
610 1 |a точечные оценки 
610 1 |a ошибки 
610 1 |a линейное программирование 
610 1 |a симплекс-метод 
610 1 |a транспортная задача 
610 1 |a нелинейное программирование 
610 1 |a функции нескольких переменных 
610 1 |a экстремизм 
610 1 |a аппроксимация 
610 1 |a учебные пособия 
675 |a 519.2(076)  |v 3 
675 |a 519.85(076)  |v 3 
700 1 |a Бычков  |b А. Г.  |g Александр Григорьевич 
801 1 |a RU  |b 63413507  |c 20110328 
801 2 |a RU  |b 63413507  |c 20120409  |g RCR 
942 |c BK